Cultivo moderno del tomate

Guardat en:
Dades bibliogràfiques
Autors principals: Rodríguez Rodríguez, Rafael (Autor), Tabares Rodríguez, José María (Autor)
Altres autors: Medina San Juan, José Antonio (autor)
Format: Llibre
Idioma:espanyol
Publicat: Madrid Mundi Prensa 1984
Matèries:
Etiquetes: Afegir etiqueta
Sense etiquetes, Sigues el primer a etiquetar aquest registre!

MARC

LEADER 00000nam a2200000 a 4500
001 UCR2975
003 CL-VaPUC
008 980123e19840000SP |||||||||||||||||spa|d
020 |a 8471141469 
082 0 4 |a 635.642  |b ROD  |2 21 
100 0 |a Rodríguez Rodríguez, Rafael  |e author  |9 401570 
700 0 |a Tabares Rodríguez, José María  |e author  |9 401571 
700 |a Medina San Juan, José Antonio  |e autor  |9 551466 
245 1 0 |a Cultivo moderno del tomate 
300 |a 206 p 
942 |c BK 
945 |d 19980123 00:00:00  |a jquezada 
260 |a Madrid  |b Mundi Prensa  |c 1984 
650 0 |a Cultivo  |9 264268 
650 7 |a TOMATE  |2 CL-VaPUC  |9 264158 
650 0 |a Variedades  |x Control biológico   |9 401573 
650 0 |a Patología vegetal  |9 325426 
650 7 |a ENFERMEDADES DE LA PLANTAS  |2 CL-VaPUC  |9 401574 
650 7 |a FACTORES AMBIENTALES  |2 CL-VaPUC  |9 401575 
583 |a last modification  |c 19980123 00:00:00  |k Rodrigo Vera 
999 |c 266095  |d 266093